[Event "Olomouc Chess Summer 2017 - open"]
[Site "Olomouc (CZE)"]
[Date "2017.08.19"]
[Round "9.6"]
[White "Gombocz 1894, Ferenc Jr"]
[Black "Steiner 2185, Bruno"]
[Result "1/2-1/2"]
[WhiteElo "1894"]
[BlackElo "2185"]
[PlyCount "99"]
[EventDate "2017.??.??"]
[TimeControl "6000+1110"]
[WhiteClock "0:20:06"]
[BlackClock "0:19:09"]

1. c4 e6 2. g3 d5 3. Bg2 Nf6 4. Nf3 dxc4 5. Qa4+ Nbd7 6. Qxc4 a6 7. Qc2 Rb8 8.
O-O c5 9. d3 Bd6 10. Nc3 b5 11. a4 Qb6 12. axb5 axb5 13. Nd2 O-O 14. Nde4 Bb7
15. Nxd6 Bxg2 16. Kxg2 Qxd6 17. Kg1 h6 18. h3 Rfc8 19. Be3 e5 20. Rfc1 Nf8 21.
Ra5 Ne6 22. Nxb5 Qd7 23. Qa4 Nd4 24. Nxd4 exd4 25. Qxd7 Nxd7 26. Bf4 Rxb2 27.
Kf1 g5 28. Bd6 Rb6 29. Be7 Re6 30. Bxc5 Rec6 31. Ra4 Rxc5 32. Rxc5 Nxc5 33.
Rxd4 Ne6 34. Rd5 Kf8 35. Kg2 Ke7 36. Ra5 Rc5 37. Ra7+ Rc7 38. Ra5 Rd7 39. Ra3
f5 40. e3 f4 41. Kf3 fxe3 42. fxe3 Kf6 43. d4 Rf7 44. Ra6 Kg7+ 45. Ke4 Nc7 46.
Rc6 Re7+ 47. Kf3 Rf7+ 48. Ke4 Re7+ 49. Kf3 Rf7+ 50. Ke4 1/2-1/2

[Event "Olomouc Chess Summer 2017 - open"]
[Site "Olomouc (CZE)"]
[Date "2017.08.19"]
[Round "9.7"]
[White "Stigar 2236, Petter"]
[Black "Benes 2015, Miroslav"]
[Result "1-0"]
[WhiteElo "2236"]
[BlackElo "2015"]
[PlyCount "129"]
[EventDate "2017.??.??"]
[TimeControl "6000+1415"]
[WhiteClock "0:28:02"]
[BlackClock "0:13:35"]

1. Nf3 d5 2. d4 c6 3. c4 e6 4. Qc2 Nf6 5. g3 Be7 6. Bg2 O-O 7. Nbd2 Nbd7 8. O-O
b6 9. e4 dxe4 10. Nxe4 Nxe4 11. Qxe4 Bb7 12. Rd1 Qc8 13. Qe2 Re8 14. Bg5 Bxg5
15. Nxg5 Nf6 16. Rd2 Rb8 17. Ne4 Nxe4 18. Bxe4 c5 19. Rad1 cxd4 20. Rxd4 Bxe4
21. Qxe4 b5 22. b3 bxc4 23. Rxc4 Qa6 24. Ra4 Qb7 25. Qd4 Ra8 26. Qd3 h6 27. Rd4
Re7 28. Rd7 Rxd7 29. Qxd7 Qe4 30. Qd3 Qb7 31. Rc1 Rc8 32. Rxc8+ Qxc8 33. b4
Qc1+ 34. Kg2 Qc6+ 35. Qf3 Qa4 36. a3 a6 37. h4 f6 38. h5 e5 39. Qd5+ Kf8 40.
Qc5+ Kf7 41. Qc4+ Kf8 42. Qc3 Kf7 43. g4 Kg8 44. Kg3 Kf7 45. Qd3 Kg8 46. f3 Kh8
47. Kf2 Kg8 48. Ke3 Kh8 49. Kd2 Kg8 50. Kc1 Kf8 51. Kb2 Ke7 52. Qg6 Kf8 53. Qc2
Qd7 54. a4 Qd4+ 55. Qc3 Qd7 56. b5 axb5 57. Qb4+ Kf7 58. axb5 Qb7 59. Qc4+ Ke7
60. Qd3 Qb6 61. Kb3 Qa5 62. Qc4 Qd2 63. Qb4+ Qxb4+ 64. Kxb4 Kd7 65. Kc5 1-0

[Event "Olomouc Chess Summer 2017 - open"]
[Site "Olomouc (CZE)"]
[Date "2017.08.19"]
[Round "9.8"]
[White "Baasansuren 2169, Erdene"]
[Black "Brantjes 1961, Yme"]
[Result "1-0"]
[WhiteElo "2169"]
[BlackElo "1961"]
[PlyCount "103"]
[EventDate "2017.??.??"]
[TimeControl "6000+1310"]
[WhiteClock "0:31:16"]
[BlackClock "0:14:11"]

1. d4 Nf6 2. c4 c5 3. d5 e6 4. Nc3 exd5 5. cxd5 d6 6. Nf3 g6 7. g3 Bg7 8. Bg2
O-O 9. O-O a6 10. a4 Nbd7 11. Bf4 Qc7 12. Rc1 Nh5 13. Bd2 Rb8 14. b4 cxb4 15.
Nb5 Qd8 16. Nxd6 a5 17. e4 Qe7 18. Nb5 Qxe4 19. Re1 Qxd5 20. Ne5 Qa2 21. Ra1
Qb2 22. Rb1 Qa2 23. Bxb4 axb4 24. Bd5 Nxe5 25. Bxa2 Bg4 26. Qb3 Nf3+ 27. Kg2
Nxe1+ 28. Rxe1 Be6 29. Qb1 Bxa2 30. Qxa2 Rfe8 31. Rd1 Red8 32. Re1 Re8 33.
Rxe8+ Rxe8 34. Nd6 Re7 35. Qc4 Bf8 36. Qb5 b6 37. Nc8 Rc7 38. Nxb6 Nf6 39. a5
Rc2 40. a6 Ra2 41. Nc8 Ne4 42. a7 Bc5 43. Qe8+ Kg7 44. Qxe4 Rxf2+ 45. Kh3 Bxa7
46. Nxa7 Rf5 47. Qxb4 h5 48. Nb5 Kg8 49. Nd6 Rf1 50. Kg2 Rf6 51. Qb8+ Kh7 52.
Qd8 1-0

[Event "Olomouc Chess Summer 2017 - open"]
[Site "Olomouc (CZE)"]
[Date "2017.08.19"]
[Round "9"]
[White "Lakunza Plazaola, Asier"]
[Black "Leite Oralova, Catarina"]
[Result "1/2-1/2"]
[WhiteElo "2006"]
[BlackElo "2164"]
[PlyCount "87"]
[EventDate "2017.??.??"]

1. d4 d5 2. c4 e6 3. Nf3 c6 4. Nc3 Nf6 5. Bg5 Be7 6. e3 Nbd7 7. Bd3 dxc4 8.
Bxc4 b5 9. Bd3 a6 10. O-O O-O 11. Rc1 Bb7 12. Qe2 c5 13. Bb1 Qb6 14. Rfd1 Rac8
15. Ne5 Rfe8 16. Nxd7 Nxd7 17. Bxe7 Rxe7 18. Ne4 c4 19. b3 Bxe4 20. Bxe4 Nf6
21. Bf3 Rec7 22. bxc4 Rxc4 23. Qb2 Qa5 24. e4 Rxc1 25. Rxc1 Rxc1+ 26. Qxc1 g6
27. a3 Qa4 28. e5 Nd5 29. Bxd5 exd5 30. g3 Qxd4 31. Qc8+ Kg7 32. Qxa6 Qxe5 33.
Qxb5 Qe1+ 34. Qf1 Qc3 35. Qe2 Kf6 36. Qa6+ Kg7 37. Qe2 h6 38. h4 h5 39. a4 d4
40. Qe5+ Kh7 41. a5 Qc4 42. a6 Qxa6 43. Qxd4 Qa2 44. Qf6 1/2-1/2

[Event "Olomouc Chess Summer 2017 - open"]
[Site "Olomouc (CZE)"]
[Date "2017.08.19"]
[Round "9"]
[White "Musil, Vitezslav"]
[Black "Valenta, Vit"]
[Result "0-1"]
[WhiteElo "1963"]
[BlackElo "2086"]
[PlyCount "58"]
[EventDate "2017.??.??"]

1. Nf3 Nf6 2. g3 g6 3. Bg2 Bg7 4. O-O O-O 5. c4 d6 6. Nc3 e5 7. d3 Re8 8. e4
Nc6 9. h3 h6 10. Rb1 a5 11. a3 b6 12. Kh2 Bd7 13. Nd5 Kh7 14. Bd2 Nxd5 15. cxd5
Ne7 16. Be3 f5 17. Ng1 g5 18. f4 exf4 19. gxf4 gxf4 20. Bxf4 Ng6 21. Bg3 f4 22.
Be1 Nh4 23. Qc2 Rg8 24. Bf3 Be5 25. Rc1 Rg2+ 26. Bxg2 f3+ 27. Bg3 Bxg3+ 28.
Kxg3 Qg5+ 29. Kh2 Qe5+ 0-1

[Event "Olomouc Chess Summer 2017 - open"]
[Site "Olomouc (CZE)"]
[Date "2017.08.19"]
[Round "9"]
[White "Vitak, Jiri"]
[Black "Narendran, Gouthaman"]
[Result "1-0"]
[WhiteElo "2086"]
[BlackElo "1952"]
[PlyCount "77"]
[EventDate "2017.??.??"]

1. d4 Nf6 2. c4 e6 3. Nf3 d5 4. g3 Bb4+ 5. Bd2 Bd6 6. Bg2 c6 7. Qc2 O-O 8. O-O
Nbd7 9. b3 Ne4 10. Nc3 Nxd2 11. Nxd2 f5 12. e3 b6 13. cxd5 cxd5 14. Nxd5 Ba6
15. Nc3 Rc8 16. Rfe1 Qc7 17. Ndb1 Nf6 18. Qb2 Bd3 19. a3 Ne4 20. Nxe4 fxe4 21.
Nd2 Qc2 22. Qxc2 Rxc2 23. Rad1 Bxa3 24. Bxe4 Rxd2 25. Bxd3 Rfxf2 26. Rxd2 Rxd2
27. Bc4 Kf7 28. Rf1+ Ke7 29. Ra1 Bb4 30. Rxa7+ Kf6 31. Ra6 Rd1+ 32. Kg2 Rd2+
33. Kf3 Ba5 34. b4 Bxb4 35. Rxb6 Bc3 36. Rxe6+ Kg5 37. h4+ Kh5 38. Be2 g5 39.
g4+ 1-0

[Event "Olomouc Chess Summer 2017 - open"]
[Site "Olomouc (CZE)"]
[Date "2017.08.19"]
[Round "9"]
[White "Patil, Mitali Madhukar"]
[Black "Zdrazil, Tomas"]
[Result "1-0"]
[WhiteElo "1959"]
[BlackElo "2078"]
[PlyCount "104"]
[EventDate "2017.??.??"]

1. d4 Nf6 2. Nf3 g6 3. Nc3 d5 4. Bf4 Bg7 5. e3 O-O 6. Be2 c5 7. Ne5 cxd4 8.
exd4 Nc6 9. O-O Be6 10. Re1 Qa5 11. Qd2 Rac8 12. Nxc6 Rxc6 13. a4 a6 14. Be5
Rfc8 15. Bd3 Ne8 16. Ne4 Qxd2 17. Nxd2 Nd6 18. Bxg7 Kxg7 19. c3 Rb6 20. Rab1 a5
21. Re2 Kf8 22. Re5 Ke8 23. h3 Kd7 24. g4 f6 25. Re2 Bf7 26. Nf1 h5 27. Ne3
hxg4 28. hxg4 e5 29. dxe5 fxe5 30. Nd1 e4 31. Bc2 Nc4 32. Kg2 Be6 33. f3 exf3+
34. Kxf3 Kd6 35. Kg3 g5 36. Rxe6+ Kxe6 37. Bf5+ Ke5 38. Bxc8 Nd2 39. Rc1 Ne4+
40. Kg2 Nc5 41. Rc2 Nxa4 42. Re2+ Kf6 43. Ne3 Rxb2 44. Nxd5+ Kf7 45. Rxb2 Nxb2
46. Bxb7 a4 47. Nb4 Ke6 48. Kf3 a3 49. Bd5+ Ke5 50. Bb3 Kd6 51. Ke4 Kc5 52.
Nd3+ Kb5 1-0

[Event "Olomouc Chess Summer 2017 - open"]
[Site "Olomouc (CZE)"]
[Date "2017.08.19"]
[Round "9"]
[White "Fischer, Erik"]
[Black "Kusina, Jan"]
[Result "1/2-1/2"]
[WhiteElo "1937"]
[BlackElo "2029"]
[PlyCount "27"]
[EventDate "2017.??.??"]

1. e4 c5 2. Nf3 d6 3. Bb5+ Bd7 4. Bxd7+ Qxd7 5. c4 g6 6. d4 cxd4 7. Nxd4 Bg7 8.
Nc3 Nc6 9. Be3 Nf6 10. f3 h5 11. O-O O-O 12. Qd2 Rfd8 13. Rfd1 Rab8 14. Rac1
1/2-1/2

[Event "Olomouc Chess Summer 2017 - open"]
[Site "Olomouc (CZE)"]
[Date "2017.08.19"]
[Round "9"]
[White "Kalinowska, Zuzanna"]
[Black "Dolansky, Lukas"]
[Result "1/2-1/2"]
[WhiteElo "1896"]
[BlackElo "2024"]
[PlyCount "76"]
[EventDate "2017.??.??"]

1. d4 d5 2. Nf3 Nf6 3. c4 e6 4. Bg5 Be7 5. Nc3 O-O 6. e3 b6 7. cxd5 exd5 8. Bd3
Bb7 9. O-O c5 10. Qc2 h6 11. Bh4 Nc6 12. dxc5 bxc5 13. a3 d4 14. exd4 cxd4 15.
Ne2 Qb6 16. Rad1 Rfd8 17. b4 a6 18. Qa2 Bc8 19. Bc4 Bg4 20. Bxf7+ Kh8 21. Bxf6
Bxf6 22. Bd5 a5 23. Nf4 g5 24. b5 Qxb5 25. Rb1 Qa6 26. Ne6 Bxe6 27. Bxe6 Ne5
28. Nxe5 Bxe5 29. Rfe1 Qd6 30. g3 Bg7 31. Bf5 Re8 32. Rxe8+ Rxe8 33. Qf7 Rf8
34. Qg6 Qxg6 35. Bxg6 Rd8 36. Bd3 Bf8 37. Rb5 Bxa3 38. Rxa5 Bb4 1/2-1/2

[Event "Olomouc Chess Summer 2017 - open"]
[Site "Olomouc (CZE)"]
[Date "2017.08.19"]
[Round "9"]
[White "Jayaram, R."]
[Black "Wiegers, Kasper"]
[Result "1-0"]
[WhiteElo "2021"]
[BlackElo "1878"]
[PlyCount "83"]
[EventDate "2017.??.??"]

1. d4 Nf6 2. c4 c5 3. d5 e5 4. Nc3 d6 5. e4 Be7 6. g3 O-O 7. Bg2 Ne8 8. Nge2 g6
9. O-O Ng7 10. Bh6 Bg5 11. Bxg5 Qxg5 12. f4 exf4 13. gxf4 Qe7 14. Qd3 f5 15. e5
dxe5 16. d6 Qf7 17. fxe5 Nc6 18. Qe3 Re8 19. Bd5 Ne6 20. Nb5 Nb4 21. Rad1 Bd7
22. Nc7 Nxd5 23. cxd5 Nxc7 24. dxc7 Bb5 25. d6 Qd7 26. Rfe1 Bxe2 27. Qxe2 Re6
28. Qc4 Rae8 29. Qxc5 b6 30. Qc4 Kf7 31. Rc1 Rc8 32. Qd5 h6 33. Re3 g5 34. Qc6
Qxc6 35. Rxc6 Ke8 36. Kf2 Kd7 37. Rc4 Rce8 38. h3 Kc8 39. Rec3 Rxe5 40. d7+
Kxd7 41. c8=Q+ Rxc8 42. Rxc8 1-0

[Event "Olomouc Chess Summer 2017 - seniors"]
[Site "Olomouc (CZE)"]
[Date "2017.08.19"]
[Round "9"]
[White "Heppell, Ian N"]
[Black "Stokes, Paul C"]
[Result "1/2-1/2"]
[WhiteElo "2062"]
[BlackElo "1871"]
[PlyCount "26"]
[EventDate "2017.??.??"]

1. e4 c6 2. c4 d5 3. exd5 cxd5 4. cxd5 Nf6 5. Nc3 Nxd5 6. Bc4 Nb6 7. Bb3 Nc6 8.
Nf3 Bf5 9. d4 e6 10. O-O Be7 11. Be3 O-O 12. Rc1 Bf6 13. h3 h6 1/2-1/2

[Event "Olomouc Chess Summer 2017 - seniors"]
[Site "Olomouc (CZE)"]
[Date "2017.08.19"]
[Round "9"]
[White "Zdrazil, Bohumir"]
[Black "Pokora, Lubomir"]
[Result "1/2-1/2"]
[WhiteElo "1869"]
[BlackElo "1901"]
[PlyCount "36"]
[EventDate "2017.??.??"]

1. Nf3 d5 2. d4 Nf6 3. g3 c6 4. Bg2 Bf5 5. O-O h6 6. c4 e6 7. b3 Be7 8. Ba3 O-O
9. Bxe7 Qxe7 10. Nc3 Nbd7 11. Rc1 Rad8 12. cxd5 exd5 13. Nh4 Bh7 14. e3 Rfe8
15. Re1 Ne4 16. Nf3 Nxc3 17. Rxc3 Nf6 18. Nd2 Ne4 1/2-1/2

[Event "Olomouc Chess Summer 2017 - seniors"]
[Site "Olomouc (CZE)"]
[Date "2017.08.19"]
[Round "9"]
[White "Skielnik, Joseph J"]
[Black "Bartos, Pavel"]
[Result "1-0"]
[WhiteElo "1849"]
[BlackElo "1588"]
[PlyCount "53"]
[EventDate "2017.??.??"]

1. d4 d5 2. Bf4 Nf6 3. e3 e6 4. Nf3 c5 5. c3 c4 6. Nbd2 b5 7. Be2 Be7 8. h3 O-O
9. O-O b4 10. Qc2 Bb7 11. Rfe1 Qa5 12. Ne5 Nfd7 13. Nxd7 Nxd7 14. Bf3 f5 15.
Rec1 bxc3 16. bxc3 Nf6 17. Nxc4 Qa6 18. Ne5 Ne4 19. Be2 Qa5 20. f3 Nf6 21. Rcb1
Ba6 22. Nc6 Qa3 23. Nxe7+ Qxe7 24. Bxa6 Nh5 25. Be5 Nf6 26. a4 Qd8 27. Bb7 1-0

[Event "Olomouc Chess Summer 2017 - seniors"]
[Site "Olomouc (CZE)"]
[Date "2017.08.19"]
[Round "9"]
[White "Spanton, Tim R"]
[Black "Vlkovic, Pavol"]
[Result "1-0"]
[WhiteElo "1836"]
[BlackElo "1806"]
[PlyCount "65"]
[EventDate "2017.??.??"]

1. Nf3 d6 2. e4 Nd7 3. d4 e5 4. Bc4 h6 5. Nc3 c6 6. a4 a5 7. O-O Be7 8. Be3 Qc7
9. Qd2 Ngf6 10. Rad1 Ng4 11. Rfe1 Nf8 12. Ne2 Nxe3 13. Qxe3 Ng6 14. Rd3 O-O 15.
Red1 Bg4 16. h3 Bxf3 17. Qxf3 exd4 18. Rxd4 Ne5 19. Qb3 Nxc4 20. Rxc4 Rfd8 21.
Rcd4 Rd7 22. c4 Bf6 23. R4d3 Rad8 24. Qc2 Kf8 25. b3 Ke8 26. Qd2 Bg5 27. f4
Qb6+ 28. Kh1 Be7 29. Ng3 g6 30. f5 Bg5 31. Qc3 f6 32. fxg6 Qb4 33. Qxb4 1-0

[Event "Olomouc Chess Summer 2017 - seniors"]
[Site "Olomouc (CZE)"]
[Date "2017.08.19"]
[Round "9"]
[White "Koci, Ladislav"]
[Black "Fiala, Jiri"]
[Result "1/2-1/2"]
[WhiteElo "1821"]
[BlackElo "1817"]
[PlyCount "30"]
[EventDate "2017.??.??"]

1. d4 Nf6 2. Nf3 b6 3. c4 e6 4. g3 Bb7 5. Bg2 Bb4+ 6. Bd2 Qe7 7. a3 Bxd2+ 8.
Qxd2 O-O 9. O-O d6 10. Nc3 Nbd7 11. Qc2 Rac8 12. Rfe1 Ba8 13. e4 e5 14. d5 c5
15. Nh4 g6 1/2-1/2